000 00337nam a22001337a 4500
020 _aNA
082 _222
_a629.25
100 _aGill, Pritam Singh.
245 _aA text book of automobile engineering /
250 _a22
_b2nd ed.
260 _aNA
_bS.K Kataria and Sons,
_cc2012.
300 _a872 p. ;
_bill. ;
_c23 cm.
942 _2ddc
_cCIVIL
999 _c3042
_d3042